| 000 | 01955nam0a2200313 i 4500 | ||
|---|---|---|---|
| 001 | RU\NLR\bibl\2066409 | ||
| 005 | 20260408064044.0 | ||
| 010 |
_a9785895922156 _9100 |
||
| 021 |
_aRU _b2013-58756 _94045 |
||
| 035 | _a(NLR Aleph) 002052887 | ||
| 090 |
_a4649985 _c4649985 |
||
| 100 | _a20130828d2012 k y0rusy50 ca | ||
| 101 | 0 | _arus | |
| 102 | _aRU | ||
| 105 | _ay|||j|||000yy | ||
| 200 | 1 |
_aАналитическая химия _eтеоретические основы аналитической химии _e[учебное пособие по аналитической химии для самостоятельной работы студентов 2 курса (направление подготовки 020100 - Химия, профиль подготовки - Аналитическая химия, квалификация выпускника - бакалавр)] _fМ-во образования и науки Рос. Федерации, Федер. гос. образоват. бюджет. учреждение высш. проф. образования Брян. гос. ун-т им. акад. И.Г. Петровского _g[сост.: С.П. Белов] |
|
| 210 |
_aБрянск _cКурсив _d2012 |
||
| 215 |
_a106 с. _d20 |
||
| 320 | _aБиблиогр.: с. 106 (8 назв.) | ||
| 606 |
_aАналитическая химия _jУчебные издания для высших учебных заведений _9908783 _3RU\NLR\AUTH\6611823 |
||
| 686 | 1 | _aГ4я73-1 | |
| 702 | 1 |
_4220 _7ca _8rus _aБелов _bС. П. _cканд. хим. наук _gСергей Петрович _983927 _3RU\NLR\AUTH\77101001 |
|
| 712 | 0 | 2 |
_4570 _aБрянский государственный университет им. И. Г. Петровского _9577675 _3RU\NLR\AUTH\8810039369 |
| 801 | 0 |
_aRU _bNLR _c20130828 _gRCR |
|
| 801 | 1 |
_aRU _bNLR _c20130828 |
|
| 942 | _cBOOK | ||
| 980 | _aNBR | ||